Examining the justice process : (Record no. 6907)
[ view plain ]
| 000 -LEADER | |
|---|---|
| fixed length control field | 00566nam a2200157 4500 |
| 008 - FIXED-LENGTH DATA ELEMENTS--GENERAL INFORMATION | |
| fixed length control field | 170519b xxu||||| |||| 00| 0 eng d |
| 020 ## - INTERNATIONAL STANDARD BOOK NUMBER | |
| International Standard Book Number | 0-15-503547-9 (pbk) |
| 082 ## - DEWEY DECIMAL CLASSIFICATION NUMBER | |
| Edition number | 1996 |
| Classification number | DC 345.05 |
| Item number | In2 |
| 100 ## - MAIN ENTRY--PERSONAL NAME | |
| 9 (RLIN) | 20919 |
| Personal name | Inciardi, James A. |
| 245 ## - TITLE STATEMENT | |
| Title | Examining the justice process : |
| Remainder of title | a reader/ |
| Statement of responsibility, etc. | James A. Inciarde. |
| 260 ## - PUBLICATION, DISTRIBUTION, ETC. (IMPRINT) | |
| Place of publication, distribution, etc. | Fort Worth : |
| Name of publisher, distributor, etc. | Harcourt Brace College Pub., |
| Date of publication, distribution, etc. | c1996. |
| 300 ## - PHYSICAL DESCRIPTION | |
| Extent | vii, 488 pages ; |
| Dimensions | 24 cm. |
| 500 ## - GENERAL NOTE | |
| General note | Includes bibliographical references. |
| 650 #0 - SUBJECT ADDED ENTRY--TOPICAL TERM | |
| 9 (RLIN) | 20920 |
| Topical term or geographic name as entry element | Administration of criminal justice -- United States. |
| 942 ## - ADDED ENTRY ELEMENTS (KOHA) | |
| Source of classification or shelving scheme | Dewey Decimal Classification |
| Koha item type | Circulation |
| Withdrawn status | Lost status | Source of classification or shelving scheme | Damaged status | Not for loan | Collection code | Home library | Current library | Date acquired | Source of acquisition | Cost, normal purchase price | Total Checkouts | Full call number | Barcode | Date last seen | Copy number | Price effective from | Koha item type |
|---|---|---|---|---|---|---|---|---|---|---|---|---|---|---|---|---|---|
| Dewey Decimal Classification | Circulation | UM Digos College - LIC | UM Digos College - LIC | 02/29/1996 | Purchased | 1183.00 | DC 345.05 In2 1996 | 12157 | 05/15/2025 | 1 | 05/19/2017 | Circulation |
